Normal view
MARC view
Entry Personal Name
001 - CONTROL NUMBER
- control field: 5694
003 - CONTROL NUMBER IDENTIFIER
- control field: BD-RjUL
005 - DATE AND TIME OF LATEST TRANSACTION
- control field: 20221103114627.0
008 - FIXED-LENGTH DATA ELEMENTS
- fixed length control field: 221103|| aca||aabn | a|a d
040 ## - CATALOGING SOURCE
- Original cataloging agency: BD-RjUL
- Transcribing agency: BD-RjUL
100 ## - HEADING--PERSONAL NAME
- Personal name: Suhrawardī, ʿUmar ibn Muḥammad,
- Dates associated with a name: 1145-1234
670 ## - SOURCE DATA FOUND
- Source citation: Work cat.: (BD-RjUL)80704: Ghazzālī, 1058-1111. 5691, إحياء علوم الدين / Iḥyāʼ ʻulūm al-dīn. /, 1933.